00371nam a2200133Ia 4500008004100000020002100041040002600062082001600088100003100104245004800135260003300183003000400216005001700220241217s9999||||xx |||||||||||||| ||und|| a9780764534287c0 bengcSSK Libraryerda a005.268/TOO a Michael Toot & Eric Butow 0aTeach Yourself Visually Windows 2000 Server b Idg Books Worldwidec©2001OSt20241217112834.0